Industrialization and the role of multinational corporations in the Caribbean

Guardado en:
Bibliografiske detaljer
Hovedforfatter: Ashley, Paul
Format: Texto
Udgivet: s.l.: s.e.
Tags: Tilføj Tag
Ingen Tags, Vær først til at tagge denne postø!

MARC

LEADER 00000 a a2200000 04500
001 21395
003
040
090 |a 094100  
100 |a Ashley, Paul  
245 |a Industrialization and the role of multinational corporations in the Caribbean  
260 |a s.l.:   |b s.e.  
300 |a 65 p.  
999 |c 14016  |d 14016